Statistics for Countries King William Alexander has visited

Click here to take the quiz!

General Stats

  • This quiz has been taken 19 times
    (5 since last reset)
  • The average score is 16 of 21

Answer Stats

Continent Country % Correct
OceaniaAustralia
100%
AsiaChina
100%
EuropeUnited Kingdom
100%
EuropeSpain
100%
EuropeFrance
100%
AsiaIndia
100%
North AmericaCanada
100%
OceaniaNew Zealand
80%
Asia/ EuropeRussia
80%
EuropePortugal
80%
EuropePoland
80%
EuropeVatican City
80%
AsiaJapan
80%
EuropeItaly
80%
EuropeIreland
80%
EuropeLuxembourg
60%
EuropeDenmark
60%
EuropeLithuania
40%
EuropeEstonia
40%
EuropeLatvia
40%
AsiaSouth Korea
20%

Score Distribution

Percentile by Number Answered

Percent of People with Each Score

Your Score History

You have not taken this quiz since the last reset